| 000 | 00705nam a2200193 a 4500 | ||
|---|---|---|---|
| 005 | 20240703063737.0 | ||
| 008 | 991125s1975 mx 000 0 spa u | ||
| 035 | _aUPN01000005097 | ||
| 049 | _aF | ||
| 050 | 4 |
_aLE7.2913 U265 _bD412 no.66 |
|
| 100 | 1 |
_aBueno, Miguel, _d1923-2000 _930372 |
|
| 245 | 1 | 3 |
_aLa autonomía universitaria / _cMiguel Bueno. |
| 260 |
_aMéxico : _bUNAM, Dirección General de Difusión Cultural, Departamento de Humanidades, _c1975. |
||
| 300 | _a24 p. | ||
| 440 | 0 |
_aDeslinde. _pCuadernos de cultura política universitaria ; _v66 |
|
| 610 | 2 | 4 |
_aUNIVERSIDAD NACIONAL AUTONOMA DE MEXICO - _xLEYES Y REGLAMENTOS _927766 |
| 650 | 4 |
_aAutonomía en la educación _93083 |
|
| 905 | _aLibro | ||
| 999 |
_c5097 _d5097 |
||